Adoption and profitability of modern boro rice cultivation in some selected areas of Jamflpur district / (Record no. 15780)
[ view plain ]
| 000 -LEADER | |
|---|---|
| fixed length control field | 01099nam a22002417a 4500 |
| 003 - CONTROL NUMBER IDENTIFIER | |
| control field | BD-DhSAU |
| 005 - DATE AND TIME OF LATEST TRANSACTION | |
| control field | 20220523112637.0 |
| 008 - FIXED-LENGTH DATA ELEMENTS--GENERAL INFORMATION | |
| fixed length control field | 220425b2018 bg ad || |||| 001 0 eng d |
| 040 ## - CATALOGING SOURCE | |
| Original cataloging agency | BD-DhSAU |
| 082 ## - DEWEY DECIMAL CLASSIFICATION NUMBER | |
| Edition number | 22 |
| Classification number | 338.1 |
| Item number | 4K79 |
| 100 ## - MAIN ENTRY--PERSONAL NAME | |
| Personal name | Akter, Azida |
| Relator term | Registration # 12-05185 |
| 245 ## - TITLE STATEMENT | |
| Title | Adoption and profitability of modern boro rice cultivation in some selected areas of Jamflpur district / |
| Remainder of title | MS thesis |
| Statement of responsibility, etc. | Azida Akter |
| 260 ## - PUBLICATION, DISTRIBUTION, ETC. (IMPRINT) | |
| Place of publication, distribution, etc. | Sher-e-Bangla Agricultural Uniersity : |
| Name of publisher, distributor, etc. | Department of Development and Poverty Studies ; |
| Date of publication, distribution, etc. | 2018 |
| 300 ## - PHYSICAL DESCRIPTION | |
| Extent | ix, 63 p. : |
| Other physical details | ill., charts ; |
| Dimensions | 30 cm. |
| 500 ## - GENERAL NOTE | |
| General note | MS thesis Department of Development and Poverty Studies, Faculty of Agri busnisses, Sher-e-Bangla Agricultural University, Dhaka, Bangladesh |
| 590 ## - Name of Cataloguer | |
| Name of Cataloger | kobir |
| 650 ## - SUBJECT ADDED ENTRY--TOPICAL TERM | |
| Topical term or geographic name as entry element | Development and Poverty Studies |
| 650 ## - SUBJECT ADDED ENTRY--TOPICAL TERM | |
| Topical term or geographic name as entry element | Modern boro rice |
| Geographic subdivision | Jamalpur district |
| 700 ## - ADDED ENTRY--PERSONAL NAME | |
| Personal name | Mustafi, Bazlul Ameen Ahmad |
| Relator term | Supervisor |
| 700 ## - ADDED ENTRY--PERSONAL NAME | |
| Personal name | Sarker, Md Mizanur Rahman |
| Relator term | Co-Supervisor |
| 856 ## - ELECTRONIC LOCATION AND ACCESS | |
| Link text | Online Access |
| Uniform Resource Identifier | <a href="http://archive.saulibrary.edu.bd:8080/xmlui/handle/123456789/3797">http://archive.saulibrary.edu.bd:8080/xmlui/handle/123456789/3797</a> |
| 942 ## - ADDED ENTRY ELEMENTS (KOHA) | |
| Source of classification or shelving scheme | Dewey Decimal Classification |
| Koha item type | MS Level Thesis |
| Withdrawn status | Lost status | Source of classification or shelving scheme | Damaged status | Not for loan | Collection code | Home library | Branch Name | Shelving location | Date acquired | Total Checkouts | Full call number | Barcode | Date last seen | Price effective from | Koha item type |
|---|---|---|---|---|---|---|---|---|---|---|---|---|---|---|---|
| Dewey Decimal Classification | Not For Loan | Reference | SAU Library | SAU Library | Reference | 25/04/2022 | 338.1 4K79 | 43363 | 12/05/2022 | 12/05/2022 | MS Level Thesis |
